00429nam a2200169Ia 4500008004100000041001200041082002000053100002000073245003700093365000700130520001200137546001200149630003700161650001200198655001200210730003700222101110s9999 xx 000 0 und d aENGLISH bSR16681a531.12 aSrivastava B.N. aQuantum Mechanics (7th rev ed. ) b40 aPhysics aENGLISH aQuantum Mechanics (7th rev ed. ) aPhysics aPhysics aQuantum Mechanics (7th rev ed. )